Sports Quiz

Random Sports or Basketball Quiz

NBA 1K Blocks/1K Steals Quiz Stats

 Plays Quiz not verified by Sporcle

Score 0/20 Timer 03:00
0 Plays Today
Player % Correct
Hakeem Olajuwon
85.8%
Kevin Garnett
82%
David Robinson
76%
Karl Malone
74.3%
Clifford Robinson
73.6%
Moses Malone
72.8%
Kareem Abdul-Jabbar
62%
Patrick Ewing
61.3%
Ben Wallace
51.7%
Rasheed Wallace
50.2%
Player % Correct
Robert Parish
43.8%
Julius Erving
41.8%
Chris Webber
36.3%
Shawn Kemp
26.4%
Shawn Marion
22.6%
Buck Williams
19.2%
Vlade Divac
18.5%
Jack Sikma
17.3%
Horace Grant
13%
Robert Horry
9.4%

You're not logged in!

Compare scores with friends on all Sporcle quizzes.
OR
Log In

Show Comments

Extras

Top Quizzes Today


Score Distribution

Your Account Isn't Verified!

In order to create a playlist on Sporcle, you need to verify the email address you used during registration. Go to your Sporcle Settings to finish the process.

Report this User

Report this user for behavior that violates our Community Guidelines.

Details: